ARRUPE JESUIT UNIVERSITY

CORONAVIRUS -STOP THE SPREAD - CLEAN,DISINFECT,COVER

Report of the Committee on Fast Tracking East African Federation, 26th November, 2004. (Record no. 124530)

MARC details
000 -LEADER
fixed length control field 01117cam a2200265 a 4500
001 - CONTROL NUMBER
control field 13940936
003 - CONTROL NUMBER IDENTIFIER
control field ARRUPE
005 - DATE AND TIME OF LATEST TRANSACTION
control field 20160405082056.0
008 - FIXED-LENGTH DATA ELEMENTS--GENERAL INFORMATION
fixed length control field 050425s2004 tz ab 000 0 eng
010 ## - LIBRARY OF CONGRESS CONTROL NUMBER
LC control number 2005328286
040 ## - CATALOGING SOURCE
Original cataloging agency DLC
Transcribing agency DLC
042 ## - AUTHENTICATION CODE
Authentication code lcode
043 ## - GEOGRAPHIC AREA CODE
Geographic area code fe-----
050 00 - LIBRARY OF CONGRESS CALL NUMBER
Classification number HC860
Item number .E177 2004
300 ## - PHYSICAL DESCRIPTION
Other physical details ill., maps ;
Dimensions 21 cm.
110 2# - MAIN ENTRY--CORPORATE NAME
Corporate name or jurisdiction name as entry element East African Community.
Subordinate unit Committee on Fast Tracking East African Federation.
9 (RLIN) 23540
245 10 - TITLE STATEMENT
Title Report of the Committee on Fast Tracking East African Federation, 26th November, 2004.
260 ## - PUBLICATION, DISTRIBUTION, ETC. (IMPRINT)
Place of publication, distribution, etc [Arusha, Tanzania] :
Name of publisher, distributor, etc East African Community,
Date of publication, distribution, etc [2004]
300 ## - PHYSICAL DESCRIPTION
Extent xi, 378 p. :
500 ## - GENERAL NOTE
General note "Submitted to the Sixth Summit of Heads of State of the East African Community, Arusha, Tanzania, 26th November 2004"-- Cover.
610 20 - SUBJECT ADDED ENTRY--CORPORATE NAME
Corporate name or jurisdiction name as entry element East African Community.
Subordinate unit Committee on Fast Tracking East African Federation.
9 (RLIN) 23540
650 ## - SUBJECT ADDED ENTRY--TOPICAL TERM
Topical term or geographic name as entry element East African Community Committee
9 (RLIN) 23541
906 ## - LOCAL DATA ELEMENT F, LDF (RLIN)
a 7
b cbc
c origode
d 3
e ncip
f 20
g y-gencatlg
942 ## - ADDED ENTRY ELEMENTS (KOHA)
Source of classification or shelving scheme Library of Congress Classification
Koha item type Monograph ( Printed materials)
Holdings
Withdrawn status Lost status Source of classification or shelving scheme Damaged status Not for loan Collection code Home library Current library Shelving location Date acquired Total Checkouts Full call number Barcode Date last seen Date checked out Price effective from Koha item type
    Library of Congress Classification     Main Collection ARRUPE LIBRARY ARRUPE LIBRARY Main Collection 05/04/2016 3 HC860.E177 2004 46500007119 12/11/2018 16/10/2018 05/04/2016 Monograph ( Printed materials)

 

Arrupe Library. PO Box MP320 Mt Pleasant, Harare, Zimbabwe
263 242 745411|librarian@aju.ac.zw